| 000 -LEADER |
| fixed length control field |
00647nam a22001817a 4500 |
| 005 - DATE AND TIME OF LATEST TRANSACTION |
| control field |
20241101100142.0 |
| 008 - FIXED-LENGTH DATA ELEMENTS--GENERAL INFORMATION |
| fixed length control field |
241101s1999 enk||||| |||| 00| 0 geo d |
| 020 ## - INTERNATIONAL STANDARD BOOK NUMBER |
| International Standard Book Number |
9780091816971x |
| 041 ## - LANGUAGE CODE |
| Language code of text/sound track or separate title |
eng |
| 080 ## - UNIVERSAL DECIMAL CLASSIFICATION NUMBER |
| Universal Decimal Classification number |
159.9 J-74 |
| 100 ## - MAIN ENTRY--PERSONAL NAME |
| Personal name |
Johnson, Spencer |
| 9 (RLIN) |
23588 |
| 245 ## - TITLE STATEMENT |
| Title |
Who Moved My Cheese? : |
| Remainder of title |
An Amazing Way to Deal With Change in Your Work and in Your Life / |
| Statement of responsibility, etc. |
Spencer Johnson. |
| 264 ## - PRODUCTION, PUBLICATION, DISTRIBUTION, MANUFACTURE, AND COPYRIGHT NOTICE |
| Place of production, publication, distribution, manufacture |
London : |
| Name of producer, publisher, distributor, manufacturer |
Vermilion, |
| Date of production, publication, distribution, manufacture, or copyright notice |
1999. |
| 300 ## - PHYSICAL DESCRIPTION |
| Extent |
96 p.; |
| Other physical details |
20 cm. |
| 653 ## - INDEX TERM--UNCONTROLLED |
| keyword |
გამკლავება ცხოვრების ცვლილებთან |
| 653 ## - INDEX TERM--UNCONTROLLED |
| keyword |
ფსიქოლოგია |
| 942 ## - ADDED ENTRY ELEMENTS (KOHA) |
| Source of classification or shelving scheme |
|
| Koha item type |
წიგნი |